Gender and land rights in Kerala: a review of legal and empirical issues (Record no. 74294)

000 -LEADER
fixed length control field 00478pab a2200181 454500
008 - FIXED-LENGTH DATA ELEMENTS--GENERAL INFORMATION
fixed length control field 180718b2006 xxu||||| |||| 00| 0 eng d
100 ## - MAIN ENTRY--PERSONAL NAME
Personal name Kodoth, Praveena
245 ## - TITLE STATEMENT
Title Gender and land rights in Kerala: a review of legal and empirical issues
260 ## - PUBLICATION, DISTRIBUTION, ETC.
Date of publication, distribution, etc. 2006
300 ## - PHYSICAL DESCRIPTION
Extent p.90-119.
362 ## - DATES OF PUBLICATION AND/OR SEQUENTIAL DESIGNATION
Dates of publication and/or sequential designation Jun
650 ## - SUBJECT ADDED ENTRY--TOPICAL TERM
Topical term or geographic name entry element Women - India - Kerala
650 ## - SUBJECT ADDED ENTRY--TOPICAL TERM
Topical term or geographic name entry element Land tenure - India - Kerala
650 ## - SUBJECT ADDED ENTRY--TOPICAL TERM
Topical term or geographic name entry element Land tenure
773 ## - HOST ITEM ENTRY
Main entry heading Administrator
908 ## - PUT COMMAND PARAMETER (RLIN)
Put command parameter N
909 ## -
-- 74294
Holdings
Withdrawn status Lost status Damaged status Not for loan Permanent Location Current Location Date acquired Serial Enumeration / chronology Barcode Date last seen Price effective from Koha item type
        Indian Institute of Public Administration Indian Institute of Public Administration 2018-07-19 Volume no: 49, Issue no: 1 AR74754 2018-07-19 2018-07-19 Articles

Powered by Koha